Williams obstetrics / (Record no. 9621)
[ view plain ]
| 000 -LEADER | |
|---|---|
| fixed length control field | 00851cam a2200277 4500 |
| 001 - CONTROL NUMBER | |
| JCCL Control Number | 9621 |
| 003 - CONTROL NUMBER IDENTIFIER | |
| JCCL marc code | BD-JhCC |
| 005 - DATE AND TIME OF LATEST TRANSACTION | |
| control field | 20180321111408.0 |
| 008 - FIXED-LENGTH DATA ELEMENTS--GENERAL INFORMATION | |
| fixed length control field | 180320s1971 nyua b 001 0 eng |
| 035 ## - SYSTEM CONTROL NUMBER | |
| system control number | (BD-JhCC)9621 |
| 040 ## - CATALOGING SOURCE | |
| Original cataloging agency | DLC |
| Transcribing agency | DLC |
| Modifying agency | DLC |
| -- | BD-JhCC |
| 041 ## - LANGUAGE CODE | |
| Language code of Book | eng |
| 050 00 - LIBRARY OF CONGRESS CALL NUMBER | |
| Classification number | RG524 |
| Item number | .W7 1971 |
| 082 00 - DEWEY DECIMAL CLASSIFICATION NUMBER | |
| Classification number | 618.2 |
| Author mark and Year | WIL 1971 |
| 100 1# - MAIN ENTRY--PERSONAL NAME | |
| Personal name | Williams, J. Whitridge |
| Fuller form of name | (John Whitridge), |
| Dates associated with a name | 1866-1931. |
| 245 10 - TITLE STATEMENT | |
| Title | Williams obstetrics / |
| Statement of responsibility, etc | J. Whitridge Williams, Louis M. Hellman, Jack A. Pritchard, |
| 250 ## - EDITION STATEMENT | |
| Edition statement | 14th ed. |
| 260 ## - PUBLICATION, DISTRIBUTION, ETC. (IMPRINT) | |
| Place of publication, distribution, etc | New York : |
| Name of publisher, distributor, etc | Appleton-Century-Crofts, |
| Date of publication, distribution, etc | 1971. |
| 300 ## - PHYSICAL DESCRIPTION | |
| Pagination | x, 1242 p. |
| Other physical details | illus. (part col.) |
| Dimensions | 26 cm. |
| 504 ## - BIBLIOGRAPHY, ETC. NOTE | |
| Bibliography, etc | Includes bibliographies. |
| 650 #0 - SUBJECT ADDED ENTRY--TOPICAL TERM | |
| Topical term or geographic name as entry element | Obstetrics. |
| 700 1# - ADDED ENTRY--PERSONAL NAME | |
| Personal name | Hellman, Louis M., |
| Dates associated with a name | 1908-1990, |
| 700 1# - ADDED ENTRY--PERSONAL NAME | |
| Personal name | Pritchard, Jack A., |
| Dates associated with a name | 1921- |
| 942 ## - ADDED ENTRY ELEMENTS (KOHA) | |
| Source of classification or shelving scheme | Dewey Decimal Classification |
| Koha item type | Books |
| Source of classification or shelving scheme | Damaged status | Not for loan | Home library | Current library | Shelving location | Total Checkouts | Full call number | Barcode | Date last seen | Copy number | Koha item type |
|---|---|---|---|---|---|---|---|---|---|---|---|
| Dewey Decimal Classification | JCC Rouf Library | JCC Rouf Library | General Stacks | 618.2 WIL 1971 | 12826 | 03/20/2018 | C - 1 | Books |